Armeńska imigracja według państw - Statystyki

Ogólne statystyki
  • Ten quiz został rozwiązany 103 razy
  • Średni wynik to 16 z 20
Statystyki odpowiedzi
Ludzie Państwo % Poprawnych
23 306 Rosja
100%
43 242 Gruzja
99%
80 310 Azerbejdżan
97%
819 Turcja
97%
9 437 Iran
92%
1 206 Kazachstan
91%
678 Irak
89%
265 Kirgistan
82%
199 Stany Zjednoczone
82%
20 334 Syria
82%
1 238 Turkmenistan
82%
3 766 Ukraina
82%
1 508 Uzbekistan
82%
205 Afganistan
78%
967 Niemcy
72%
220 Francja
71%
305 Pakistan
71%
465 Białoruś
65%
1 561 Grecja
63%
1 296 Liban
56%
Nie znaleziono quizów pasujących do podanych kryteriów
Rozkład punktacji
Procent ludzi z każdym wynikiem
Percentyl według liczby udzielonych odpowiedzi
Twoja historia wyników
Nie rozwiązałeś tego quizu